Entry Konu Terimi
001 - KONTROL NUMARASI
- Kontrol alanı: 83735
003 - KONTROL NUMARASI KİMLİĞİ
- Kontrol alanı: TR-BiSEU
005 - SON İŞLEM TARİHİ VE ZAMANI
- Kontrol alanı: 20260207003444.0
008 - SABİT UZUNLUKTAKİ VERİ ÖGELERİ - GENEL BİLGİ
- Sabit uzunlukta kontrol alanı: 260207|| aca||aabn | a|a d
040 ## - KATALOGLAMA KAYNAĞI
- Özgün kataloglama kurumu: TR-BiSEU
- Çeviri kurumu: TR-BiSEU
150 ## - KONU BAŞLIKLARI - KONU TERİMİ
- Konu terimi: Orman ve Ormancılık--Türkiye
670 ## - BİLGİNİN KAYNAĞI
- Bilginin alındığı kaynak: KOHA: (TR-BiSEU)45374: Ormancılıkta sektörel planllamanın 50. yılı uluslararası sempozyumu (Antalya : 2013) 83734, Ormancılıkta sektörel planllamanın 50. yılı uluslararası sempozyumu bildiriler kitabı 26-28 Kasım 2013/Antalya :
